[Event "Condigne Dutch Open 2016"]
[Site "dieren"]
[Date "2016.08.02"]
[Round "7"]
[White "Ikonnikov, Vyacheslav"]
[Black "Beerdsen, Thomas"]
[Result "1/2-1/2"]
[WhiteElo "2538"]
[BlackElo "2414"]
[PlyCount "75"]
[EventDate "2016.07.27"]
[EventCountry "NED"]
[TimeControl "6000+1620"]
[WhiteClock "0:06:33"]
[BlackClock "0:16:11"]

1. d4 Nf6 2. Nf3 e6 3. c4 Bb4+ 4. Bd2 c5 5. Bxb4 cxb4 6. g4 d5 7. Nbd2 Nc6 8.
e3 O-O 9. g5 Ne4 10. Rg1 f5 11. h4 Bd7 12. Ne5 Nxe5 13. dxe5 Qc7 14. Nxe4 dxe4
15. Qd6 Qxd6 16. exd6 Rac8 17. O-O-O Rfd8 18. Rd2 Rc5 19. b3 g6 20. Be2 e5 21.
Kb2 Be6 22. a3 a5 23. axb4 axb4 24. Ra1 Rc6 25. Ra5 Rcxd6 26. Rxd6 Rxd6 27. Kc1
Ra6 28. Rxe5 Ra1+ 29. Kd2 Ra2+ 30. Ke1 Ra1+ 31. Bd1 Bd7 32. Re7 Bc6 33. Kd2
Ra2+ 34. Bc2 Ra1 35. Bd1 Ra2+ 36. Bc2 Ra1 37. Bd1 Ra2+ 38. Bc2 1/2-1/2

[Event "Condigne Dutch Open 2016"]
[Site "dieren"]
[Date "2016.08.02"]
[Round "7"]
[White "Beukema, Stefan"]
[Black "Horvath, Csaba"]
[Result "0-1"]
[WhiteElo "2355"]
[BlackElo "2520"]
[PlyCount "84"]
[EventDate "2016.07.27"]
[EventCountry "NED"]
[TimeControl "6000+995"]
[WhiteClock "0:00:57"]
[BlackClock "0:02:12"]

1. e4 d5 2. exd5 Qxd5 3. Nc3 Qd6 4. d4 Nf6 5. Bd3 g6 6. Nge2 Bg7 7. Bf4 Qb6 8.
Qd2 O-O 9. h4 h5 10. f3 Nc6 11. Bc4 Rd8 12. Na4 Qb4 13. Qxb4 Nxb4 14. Bb3 Be6
15. O-O-O Bxb3 16. axb3 b6 17. c4 Nd7 18. Be3 e6 19. Nec3 c6 20. Ne4 b5 21.
Nac5 Nb6 22. Nb7 Rdb8 23. Na5 bxc4 24. bxc4 Nd7 25. b3 Rb6 26. Kd2 Ra6 27. Ra1
c5 28. Nb7 cxd4 29. Bf4 Rb6 30. Nbc5 Nxc5 31. Nxc5 Rc8 32. Na4 Rb7 33. Rhe1 d3
34. Rab1 Nc2 35. Rec1 Na3 36. Kxd3 Rd8+ 37. Ke2 Nxb1 38. Rxb1 Rd4 39. Nc5 Rb6
40. Be3 Rxc4 41. Nxe6 Rc2+ 42. Kd1 Rxe6 0-1

[Event "Condigne Dutch Open 2016"]
[Site "dieren"]
[Date "2016.08.02"]
[Round "7"]
[White "De Jong, Migchiel"]
[Black "Reinderman, Dimitri"]
[Result "1/2-1/2"]
[WhiteElo "2342"]
[BlackElo "2584"]
[PlyCount "58"]
[EventDate "2016.07.27"]
[EventCountry "NED"]
[TimeControl "6000+1305"]
[WhiteClock "0:50:21"]
[BlackClock "0:11:15"]

1. Nf3 f5 2. d3 d6 3. e4 e5 4. Nc3 Nf6 5. Bg5 Be7 6. exf5 Bxf5 7. d4 Nbd7 8.
dxe5 Nxe5 9. Nxe5 dxe5 10. Qf3 Bxc2 11. Qxb7 O-O 12. Bc4+ Kh8 13. O-O Rb8 14.
Qxa7 Rxb2 15. Rac1 Qd4 16. Qxd4 exd4 17. Nd1 Bxd1 18. Rcxd1 Bc5 19. Bc1 Rb1 20.
Bf4 Rxd1 21. Rxd1 Ne4 22. g3 Nxf2 23. Kxf2 g5 24. Kf3 gxf4 25. gxf4 Re8 26. Rd3
Re1 27. Kg4 Rh1 28. Rh3 Kg7 29. Kf5 Bd6 1/2-1/2

[Event "Condigne Dutch Open 2016"]
[Site "dieren"]
[Date "2016.08.02"]
[Round "7"]
[White "Maatman, Nick"]
[Black "Geurink, Jasper"]
[Result "1-0"]
[WhiteElo "2314"]
[BlackElo "2359"]
[PlyCount "87"]
[EventDate "2016.07.27"]
[EventCountry "NED"]
[TimeControl "6000+1165"]
[WhiteClock "0:27:32"]
[BlackClock "0:15:33"]

1. e4 e6 2. d4 d5 3. Nd2 Nf6 4. e5 Nfd7 5. Bd3 c5 6. c3 Nc6 7. Ngf3 g6 8. h4 h6
9. Bc2 b6 10. a3 cxd4 11. cxd4 a5 12. Ba4 b5 13. Bxb5 Qb6 14. Qa4 Na7 15. Be2
Ba6 16. Bxa6 Qxa6 17. Nb1 O-O-O 18. Bd2 Nc6 19. Nc3 Kb7 20. b4 axb4 21. Qxa6+
Kxa6 22. axb4+ Kb7 23. b5 Na7 24. Ke2 Nb6 25. Rhb1 Be7 26. Ne1 Rc8 27. g3 Rc4
28. Kd3 h5 29. Nc2 Ra8 30. Ra6 Nac8 31. Rba1 Rxa6 32. bxa6+ Ka8 33. Bg5 Bf8 34.
Bd8 Nd7 35. Rb1 Nb8 36. Rb7 Nxa6 37. Rxf7 Bb4 38. Na2 Na7 39. Naxb4 Nxb4+ 40.
Nxb4 Rxb4 41. Bg5 Nc6 42. Be3 Rb3+ 43. Ke2 Rb6 44. Rg7 1-0

[Event "Condigne Dutch Open 2016"]
[Site "dieren"]
[Date "2016.08.02"]
[Round "7"]
[White "Hausrath, Daniel"]
[Black "Heemskerk, Wim"]
[Result "1/2-1/2"]
[WhiteElo "2483"]
[BlackElo "2201"]
[PlyCount "135"]
[EventDate "2016.07.27"]
[EventCountry "NED"]
[TimeControl "6000+1615"]
[WhiteClock "0:02:24"]
[BlackClock "0:04:47"]

1. Nf3 Nf6 2. g3 b6 3. Bg2 Bb7 4. O-O g6 5. c4 Bg7 6. d4 O-O 7. d5 Na6 8. Nc3
Nc5 9. Nd4 e5 10. Nc2 a5 11. d6 Bxg2 12. dxc7 Qxc7 13. Kxg2 b5 14. Bg5 Nce4 15.
Bxf6 Nxc3 16. bxc3 Bxf6 17. cxb5 Qb7+ 18. Kg1 d5 19. a4 Rac8 20. Qd2 Rfd8 21.
Rfd1 h5 22. h4 Bg7 23. Rab1 Kh7 24. b6 Bh6 25. e3 Rc5 26. Qd3 Rdc8 27. Rb3 Bg7
28. Qd2 f5 29. Ne1 e4 30. Ng2 Bxc3 31. Qe2 Be5 32. Rb5 R8c6 33. Rxd5 Rxd5 34.
Rxd5 Rc1+ 35. Rd1 Rxd1+ 36. Qxd1 Qxb6 37. Qd7+ Kh6 38. Qd5 Qc7 39. Kh2 Kh7 40.
Ne1 Qc3 41. Ng2 Qc7 42. Qb5 Qc3 43. Qd7+ Kg8 44. Qe8+ Kg7 45. Qe7+ Kg8 46. Qd7
Qc5 47. Nf4 Bxf4 48. gxf4 Qb4 49. Kg2 Qb6 50. Qe7 Qa6 51. Qe8+ Kg7 52. Qd7+ Kg8
53. Qb5 Qa7 54. Qc6 Kg7 55. Kf1 Kh7 56. Kg2 Qe7 57. Kg3 Qb4 58. Qd7+ Kg8 59.
Qb5 Qe1 60. Kg2 Qd1 61. Qe8+ Kg7 62. Qe7+ Kg8 63. Qf6 Qf3+ 64. Kg1 Qg4+ 65. Kh2
Kh7 66. Qf7+ Kh8 67. Qf8+ Kh7 68. Qf7+ 1/2-1/2

[Event "Condigne Dutch Open 2016"]
[Site "dieren"]
[Date "2016.08.02"]
[Round "7"]
[White "Zwirs, Nico"]
[Black "Kiremitciyan, Ari"]
[Result "1-0"]
[WhiteElo "2374"]
[BlackElo "2071"]
[PlyCount "73"]
[EventDate "2016.07.27"]
[EventCountry "NED"]
[TimeControl "6000+1295"]
[WhiteClock "0:04:21"]
[BlackClock "0:00:33"]

1. e4 c5 2. Nf3 d6 3. d4 cxd4 4. Nxd4 Nf6 5. Nc3 a6 6. f3 e5 7. Nb3 Be6 8. Be3
Be7 9. Qd2 Nbd7 10. g4 b5 11. O-O-O O-O 12. g5 b4 13. Ne2 Ne8 14. f4 a5 15. f5
a4 16. Nbd4 exd4 17. Nxd4 b3 18. Kb1 bxc2+ 19. Nxc2 Bb3 20. axb3 axb3 21. Na3
Ne5 22. h4 Ra4 23. f6 gxf6 24. Qg2 Kh8 25. Bb5 Ra5 26. Bd2 Ra8 27. Bc3 Qc8 28.
Rc1 Qg4 29. Qxg4 Nxg4 30. Rcf1 Ne5 31. Nc4 fxg5 32. hxg5 Ng7 33. Bxe5 dxe5 34.
Nxe5 Kg8 35. Bc4 Ne6 36. Rxf7 Rxf7 37. Bxe6 1-0

[Event "Condigne Dutch Open 2016"]
[Site "dieren"]
[Date "2016.08.02"]
[Round "7"]
[White "Maris, Ivo"]
[Black "Gerlagh, Joris"]
[Result "0-1"]
[WhiteElo "2370"]
[BlackElo "2172"]
[PlyCount "80"]
[EventDate "2016.07.27"]
[EventCountry "NED"]

1. e4 c5 2. Nf3 e6 3. c3 d5 4. exd5 exd5 5. d4 Nc6 6. Bb5 Bd6 7. dxc5 Bxc5 8.
O-O Nge7 9. Nbd2 O-O 10. Nb3 Bd6 11. h3 Bf5 12. Nfd4 Be4 13. Be3 Re8 14. Qd2 a6
15. Be2 Ne5 16. Rae1 Nc4 17. Qc1 Ng6 18. f3 Nxe3 19. Qxe3 Bf4 20. Qf2 Qg5 21.
fxe4 Be3 22. Nf3 Bxf2+ 23. Kxf2 Qd8 24. exd5 Qxd5 25. Rd1 Qe6 26. Rfe1 Nf4 27.
Bd3 Qb6+ 28. Nfd4 Rxe1 29. Kxe1 Nxg2+ 30. Kf2 Nf4 31. Bc2 Qf6 32. Kg3 Qg5+ 33.
Kf3 Re8 34. Nd2 Qg2+ 35. Kxf4 g5+ 36. Kf5 Qxh3+ 37. Kxg5 Qg3+ 38. Kh5 h6 39.
N2f3 Re5+ 40. Nxe5 Qg5# 0-1

[Event "Condigne Dutch Open 2016"]
[Site "dieren"]
[Date "2016.08.02"]
[Round "7"]
[White "Sahil, Tickoo"]
[Black "Schoppen, Casper"]
[Result "1/2-1/2"]
[WhiteElo "2016"]
[BlackElo "2298"]
[PlyCount "93"]
[EventDate "2016.07.27"]
[EventCountry "NED"]

1. d4 Nf6 2. c4 e6 3. Nc3 d5 4. cxd5 exd5 5. Bg5 Bb4 6. Qa4+ Nc6 7. e3 h6 8.
Bxf6 Qxf6 9. Bb5 Bd7 10. Nge2 a6 11. Bxc6 Bxc3+ 12. Nxc3 Bxc6 13. Qc2 O-O 14.
O-O Qd6 15. a3 a5 16. Na4 Bxa4 17. Qxa4 f5 18. Rac1 c6 19. b4 f4 20. exf4 axb4
21. Qxb4 Qxb4 22. axb4 Rxf4 23. b5 cxb5 24. Rc5 Rxd4 25. Rxb5 Rb8 26. g3 Rd2
27. f4 Kf7 28. Rfb1 Kg6 29. Rxb7 Rxb7 30. Rxb7 $11 d4 31. g4 Re2 32. Rd7 Re4
33. Kg2 Rxf4 34. Kg3 Re4 35. Kf3 Re3+ 36. Kf4 Rd3 37. h4 Rd1 38. Ke4 Rg1 39.
Kf4 Rd1 40. Ke4 h5 41. Rd6+ Kh7 42. gxh5 d3 43. Rxd3 Rxd3 44. Kxd3 Kh6 45. Ke4
Kxh5 46. Kf5 Kxh4 47. Kg6 1/2-1/2

[Event "Condigne Dutch Open 2016"]
[Site "dieren"]
[Date "2016.08.02"]
[Round "7"]
[White "Hendriks, Willy"]
[Black "Bhattacharjee, Sourav"]
[Result "1-0"]
[WhiteElo "2407"]
[BlackElo "2065"]
[PlyCount "155"]
[EventDate "2016.07.27"]
[EventCountry "NED"]

1. d4 Nf6 2. Bg5 g6 3. Bxf6 exf6 4. e3 Bg7 5. g3 O-O 6. Bg2 d5 7. Ne2 c6 8. O-O
f5 9. b3 Nd7 10. c4 Nf6 11. Nbc3 Be6 12. Qd3 Ne4 13. Rfc1 Re8 14. Nf4 dxc4 15.
bxc4 c5 16. Nce2 Rc8 17. Rab1 b6 18. Nxe6 Rxe6 19. d5 Re8 20. a4 Nd6 21. Nc3 a5
22. Rb3 Rb8 23. Rcb1 h5 24. h4 Bf6 25. Rd1 Qd7 26. Nb5 Nxb5 27. Rxb5 Be5 28.
Qb3 Qd8 29. Qb1 Bc7 30. Rb3 Qd6 31. Rbd3 Rbd8 32. Qb5 Kg7 33. Bf3 Kh6 34. Kg2
Kh7 35. Rb1 Kg7 36. Rdb3 Kh7 37. Qa6 Ra8 38. Qb7 Rab8 39. Qc6 Qxc6 40. dxc6
Red8 41. Bd5 Kg7 42. Rd3 Rd6 43. Rd2 Kf6 44. Rbd1 Rbd8 45. Kf3 Kg7 46. Ke2 Kf6
47. Rd3 Ke7 48. Kd2 Kf6 49. Kc2 Kg7 50. R3d2 Kf6 51. Re2 Re8 52. Rde1 Rdd8 53.
e4 fxe4 54. Rxe4 Rxe4 55. Rxe4 Bd6 56. Re3 Kg7 57. Rf3 Rf8 58. Kd2 Bc7 59. Re3
Bd6 60. Ke2 Rc8 61. Kf1 Rf8 62. Kg2 Rc8 63. Kh3 Rf8 64. f3 Rc8 65. g4 Kf8 66.
Rd3 Be5 67. gxh5 gxh5 68. Be4 Bd4 69. Rb3 Rb8 70. Bf5 Be5 71. Rd3 Ke7 72. Re3
Kf6 73. Rxe5 Kxe5 74. c7 Rg8 75. c8=Q Rxc8 76. Bxc8 f5 77. Bd7 f4 78. Be8 1-0

[Event "Condigne Dutch Open 2016"]
[Site "dieren"]
[Date "2016.08.02"]
[Round "7"]
[White "Vos, Tjark"]
[Black "Milov, Leonid"]
[Result "0-1"]
[WhiteElo "2156"]
[BlackElo "2430"]
[PlyCount "78"]
[EventDate "2016.07.27"]
[EventCountry "NED"]

1. e4 c5 2. Nf3 e6 3. d4 cxd4 4. Nxd4 Nc6 5. Nc3 Qc7 6. Be3 a6 7. Be2 b5 8. O-O
Bb7 9. a4 b4 10. Nb1 Nf6 11. f3 Bd6 12. g3 h5 13. Nxc6 Bxg3 14. e5 Bxh2+ 15.
Kxh2 Ng4+ 16. fxg4 Qxc6 17. Bf3 hxg4+ 18. Kg3 gxf3 19. Nd2 Rc8 20. Qxf3 Qxf3+
21. Nxf3 Rxc2 22. Rac1 b3 23. Rxc2 bxc2 24. Nd4 Rh5 25. Bf4 d6 26. Nxc2 dxe5
27. Bd2 f5 28. Bc3 Rg5+ 29. Kh4 Rg4+ 30. Kh5 Kf7 31. Be1 Re4 32. a5 Bc6 33. Rg1
Ba4 34. Nb4 Bb5 35. Kg5 Re2 36. Bc3 f4 37. Re1 Rg2+ 38. Kh4 f3 39. Kh3 Rg5 0-1

[Event "Condigne Dutch Open 2016"]
[Site "dieren"]
[Date "2016.08.02"]
[Round "7"]
[White "Van Osch, Mees"]
[Black "Keetman, Maaike"]
[Result "1/2-1/2"]
[WhiteElo "2275"]
[BlackElo "2057"]
[PlyCount "139"]
[EventDate "2016.07.27"]
[EventCountry "NED"]

1. e4 c5 2. Nf3 e6 3. b3 b6 4. Bd3 Bb7 5. O-O d6 6. Bb2 Nd7 7. c3 Ngf6 8. Re1
Be7 9. Bc2 O-O 10. d4 Qc7 11. Qd3 g6 12. Nbd2 Nh5 13. Nf1 Rae8 14. Qd2 f5 15.
exf5 exf5 16. d5 Bf6 17. Bd1 Rxe1 18. Nxe1 Ng7 19. c4 Bxb2 20. Qxb2 Ne5 21. f4
Ng4 22. Qd2 Qe7 23. Nf3 Re8 24. Bc2 Qe2 25. Qxe2 Rxe2 26. Bd3 Re7 27. a3 b5 28.
b4 bxc4 29. Bxc4 cxb4 30. axb4 Bc8 31. Bd3 Nf6 32. Nd4 Kf8 33. Nc6 Rc7 34. Bc4
a6 35. Ne3 Bb7 36. Na5 Ke7 37. Re1 Kd7 38. Bb3 Ngh5 39. g3 Ne4 40. Nec4 Nhf6
41. Nb6+ Kd8 42. Re2 Rc1+ 43. Kg2 Kc7 44. Nxb7 Kxb7 45. Nc4 Rc3 46. Rb2 Rd3 47.
Na5+ Kb6 48. Rc2 Rd2+ 49. Rxd2 Nxd2 50. Nc4+ Nxc4 51. Bxc4 a5 52. bxa5+ Kxa5
53. Kf3 Kb4 54. Ba2 Kc5 55. h3 Nxd5 56. g4 fxg4+ 57. hxg4 Nf6 58. g5 Nd5 59.
Bb1 Ne7 60. Ke4 Nf5 $11 61. Ba2 Ne7 62. Bb1 Nf5 63. Ba2 Ne7 64. Bb3 Kb4 65. Be6
Kc5 66. Ba2 Kc6 67. Bb3 Kc5 68. Be6 Kc6 69. Bg4 Kc5 70. Be6 1/2-1/2

[Event "Condigne Dutch Open 2016"]
[Site "dieren"]
[Date "2016.08.02"]
[Round "7"]
[White "Maddens, Martijn"]
[Black "Schippers, Maurice"]
[Result "1-0"]
[WhiteElo "2126"]
[BlackElo "2220"]
[PlyCount "113"]
[EventDate "2016.07.27"]
[EventCountry "NED"]

1. e4 d5 2. exd5 Qxd5 3. Nf3 Bg4 4. Be2 Nc6 5. d4 O-O-O 6. c4 Qf5 7. Be3 Bxf3
8. Bxf3 Nxd4 9. Bxd4 Qe6+ 10. Be2 Qe4 11. O-O Qxd4 12. Qa4 e6 13. Nc3 Bd6 14.
Nb5 Qe5 15. Nxd6+ cxd6 16. Bf3 Kb8 17. b4 Ne7 18. c5 d5 19. b5 Qc7 20. Rfc1 b6
21. Qb4 Rc8 22. c6 Ka8 23. a4 Rb8 24. a5 bxa5 25. Rxa5 Nc8 26. Qc3 Re8 27. Rca1
g6 28. Qe3 Re7 29. g3 h5 30. h4 Qd6 31. Qd4 Rc7 32. Bg2 Re7 33. Kh2 Rb6 34. Qh8
Rb8 35. Qd4 $11 Rc7 36. R1a2 Qe7 37. Bh3 Nb6 38. Bf1 Nc8 39. Ra6 e5 40. Qxd5
Rb6 41. R6a5 Kb8 42. Ra1 Ka8 43. R5a2 Rb8 44. Re1 f6 45. f4 Nb6 46. Qe4 Re8 47.
Qxg6 Qe6 48. Rf2 Rg8 49. Rxe5 Qc8 50. Qxf6 Qg4 51. Rg5 Qc8 52. Rd2 Rf8 53. Qd6
a5 54. bxa6 Ka7 55. Bg2 Rff7 56. Qd4 Qxa6 57. Rb2 1-0

[Event "Condigne Dutch Open 2016"]
[Site "dieren"]
[Date "2016.08.02"]
[Round "7"]
[White "Mokal, Amruta Sunil"]
[Black "Evengroen, Henk-Jan"]
[Result "0-1"]
[WhiteElo "2078"]
[BlackElo "2179"]
[PlyCount "108"]
[EventDate "2016.07.27"]
[EventCountry "NED"]

1. e4 e5 2. Nf3 Nc6 3. d4 exd4 4. Nxd4 Bc5 5. Nb3 Bb6 6. Nc3 Nf6 7. Qe2 O-O 8.
Be3 Re8 9. f3 d5 10. O-O-O Be6 11. Bg5 d4 12. Na4 h6 13. Bh4 Qd6 14. Kb1 Bxb3
15. axb3 Ba5 16. Bg3 Qe7 17. Qb5 Rab8 18. Bc4 Red8 19. Qf5 b5 20. e5 Nd5 21.
Bxd5 Rxd5 22. Qe4 Qe6 23. Nc3 Bxc3 24. bxc3 Rbd8 25. cxd4 Nxd4 26. Rd2 Nxc2 27.
Rxd5 Na3+ 28. Kb2 Rxd5 29. Bf4 g5 30. Bc1 b4 31. Re1 c5 32. h4 c4 33. bxc4 Rxe5
34. Qa8+ Kh7 35. Rxe5 Qxe5+ 36. Ka2 Nxc4 37. Qe4+ Qxe4 38. fxe4 Kg6 39. hxg5
hxg5 40. Kb3 Ne5 41. Bb2 f6 42. Bd4 a5 43. Ka4 Kh5 44. Ba1 Kg4 45. Kxa5 b3 46.
Ka4 Kg3 47. Kxb3 Kxg2 48. Kc3 Kf3 49. Kd4 g4 50. Kd5 g3 51. Bd4 Ng4 52. Bg1 Kg2
53. Bb6 Kf1 54. Ke6 g2 0-1

[Event "Condigne Dutch Open 2016"]
[Site "dieren"]
[Date "2016.08.02"]
[Round "7"]
[White "Van Foreest, Lucas"]
[Black "Van der Zon, Stef"]
[Result "1-0"]
[WhiteElo "2367"]
[BlackElo "2057"]
[PlyCount "63"]
[EventDate "2016.07.27"]
[EventCountry "NED"]

1. e4 c5 2. Nf3 Nc6 3. Bb5 g6 4. Bxc6 dxc6 5. d3 Bg7 6. h3 Nf6 7. Nc3 O-O 8.
Be3 b6 9. a4 a5 10. O-O Qc7 11. Qd2 e5 12. Bh6 Nh5 13. Ne2 Ra7 14. b3 Re8 15.
Bxg7 Nxg7 16. Qh6 Ne6 17. Nd2 Nd4 18. Nxd4 cxd4 19. f4 exf4 20. Rxf4 c5 21.
Raf1 Qd8 22. Nf3 f6 23. Nd2 Rf7 24. h4 Ref8 25. R4f2 Bd7 26. h5 gxh5 27. e5
fxe5 28. Rxf7 Rxf7 29. Rxf7 Kxf7 30. Qxh7+ Ke6 31. Ne4 Bc6 32. Qg6+ 1-0

[Event "Condigne Dutch Open 2016"]
[Site "dieren"]
[Date "2016.08.02"]
[Round "7"]
[White "Sparenberg, Erik"]
[Black "Van Dooren, Dirk"]
[Result "0-1"]
[WhiteElo "2147"]
[BlackElo "2390"]
[PlyCount "98"]
[EventDate "2016.07.27"]
[EventCountry "NED"]

1. e4 c5 2. Nf3 e6 3. d4 cxd4 4. Nxd4 Nc6 5. Nc3 Qc7 6. Be3 a6 7. Be2 Nf6 8.
O-O Bb4 9. Na4 Be7 10. Nxc6 bxc6 11. Nb6 Rb8 12. Nxc8 Qxc8 13. e5 Nd5 14. Bc1
c5 15. Qd3 Rb6 16. a3 O-O 17. Qg3 Rd8 18. b3 d6 19. Bb2 dxe5 20. Bxe5 Bf6 21.
Bxf6 Nxf6 22. Rad1 Rd4 23. Rd3 Qd8 24. Rfd1 Rbd6 25. Qe3 Rxd3 26. Rxd3 Rxd3 27.
Qxd3 Qxd3 28. Bxd3 a5 29. Kf1 Kf8 30. Ke2 Ke7 31. f3 Kd6 32. Bc4 g5 33. c3 Nd7
34. b4 cxb4 35. cxb4 axb4 36. axb4 Nb6 37. Bd3 h6 38. Bh7 Nd5 39. Kf2 Nxb4 40.
Kg3 Nd5 41. h4 f5 42. hxg5 hxg5 43. Bg6 Ke7 44. Kf2 Nf4 45. Bh7 Kf7 46. g3 Nd5
47. g4 Nf6 48. Bxf5 exf5 49. gxf5 Nh5 0-1

[Event "Condigne Dutch Open 2016"]
[Site "dieren"]
[Date "2016.08.02"]
[Round "7"]
[White "Bus, Tom"]
[Black "Kollen, Zyon"]
[Result "0-1"]
[WhiteElo "2226"]
[BlackElo "2310"]
[PlyCount "72"]
[EventDate "2016.07.27"]
[EventCountry "NED"]

1. c4 Nf6 2. g3 g6 3. Bg2 Bg7 4. Nc3 O-O 5. e4 c5 6. Nge2 Nc6 7. O-O d6 8. d3
a6 9. h3 Ne8 10. Be3 Nd4 11. f4 Nc7 12. Qd2 b5 13. g4 Rb8 14. Ng3 e6 15. Rae1
f5 16. g5 fxe4 17. Ngxe4 a5 18. Kh1 Ba6 19. b3 Qd7 20. Nd1 a4 21. cxb5 Bxb5 22.
bxa4 Bxa4 23. Ndf2 Nd5 24. Bxd4 Bxd4 25. Ng4 Rb2 26. Qa5 Bc6 27. Rb1 Ra8 28.
Qe1 Raxa2 29. Rxb2 Rxb2 30. Bf3 Kh8 31. Qh4 Ne3 32. Nxe3 Bxe3 33. Qh6 Qg7 34.
Nxd6 Bxf4 35. Bxc6 Rh2+ 36. Kg1 Qd4+ 0-1

[Event "Condigne Dutch Open 2016"]
[Site "dieren"]
[Date "2016.08.02"]
[Round "7"]
[White "Van Helvoort, Rob"]
[Black "Lecomte, Robin"]
[Result "0-1"]
[WhiteElo "2171"]
[BlackElo "2288"]
[PlyCount "58"]
[EventDate "2016.07.27"]
[EventCountry "NED"]

1. e4 e5 2. Nf3 Nc6 3. d4 exd4 4. Nxd4 Bc5 5. Nb3 Bb6 6. Nc3 d6 7. Qe2 Nf6 8.
Be3 O-O 9. O-O-O Re8 10. f3 Ne5 11. g4 Nexg4 12. Bxb6 axb6 13. fxg4 Bxg4 14.
Qg2 Bxd1 15. Kxd1 d5 16. exd5 Nxd5 17. Nxd5 Re5 18. c4 c6 19. Rg1 g6 20. Qg3
Qd6 21. Rg2 cxd5 22. Rd2 Qf6 23. Bd3 dxc4 24. Bxc4 b5 25. Rf2 Rd8+ 26. Kc2 Qc6
27. Na5 Qe4+ 28. Bd3 Rc5+ 29. Kd2 Rxd3+ 0-1

[Event "Condigne Dutch Open 2016"]
[Site "dieren"]
[Date "2016.08.03"]
[Round "8"]
[White "Horvath, Csaba"]
[Black "Sandipan, Chanda"]
[Result "1/2-1/2"]
[WhiteElo "2520"]
[BlackElo "2568"]
[PlyCount "27"]
[EventDate "2016.07.27"]
[EventCountry "NED"]
[TimeControl "6000+580"]
[WhiteClock "1:11:08"]
[BlackClock "1:22:59"]

1. Nf3 d5 2. d4 Nf6 3. c4 c6 4. Nbd2 Bf5 5. Nh4 e6 6. Nxf5 exf5 7. Qb3 Qb6 8.
e3 Nbd7 9. Bd3 g6 10. O-O Be7 11. Nf3 O-O 12. Bd2 Ne4 13. Be1 Qxb3 14. axb3
1/2-1/2

[Event "Condigne Dutch Open 2016"]
[Site "dieren"]
[Date "2016.08.03"]
[Round "8"]
[White "Beerdsen, Thomas"]
[Black "L'Ami, Erwin"]
[Result "1/2-1/2"]
[WhiteElo "2414"]
[BlackElo "2606"]
[PlyCount "102"]
[EventDate "2016.07.27"]
[EventCountry "NED"]
[TimeControl "6000+695"]
[WhiteClock "0:26:24"]
[BlackClock "0:11:46"]

1. e4 e6 2. d4 d5 3. Nd2 c5 4. Ngf3 cxd4 5. Nxd4 Nf6 6. exd5 Nxd5 7. N2f3 Be7
8. Be2 O-O 9. O-O Nc6 10. Nxc6 bxc6 11. c4 Nf6 12. Qxd8 Rxd8 13. Ne5 Bb7 14.
Bf3 Rac8 15. Bf4 Nd7 16. Rfd1 Nxe5 17. Bxe5 Ba6 18. b3 c5 19. Kf1 Kf8 20. Ke2
f6 21. Bf4 g5 22. Be3 f5 23. g3 Kf7 24. Rxd8 Rxd8 25. Rd1 Rxd1 26. Kxd1 Kf6 27.
Bc6 e5 28. f4 exf4 29. gxf4 g4 30. Bd5 Bd6 31. Ke2 Bc8 32. Bd2 h5 33. Ke3 h4
34. Be1 h3 35. Bh4+ Kg7 36. Bg3 Bd7 37. Kd3 Kf8 38. Kc3 Ke7 39. a3 Kd8 40. b4
a5 41. b5 a4 42. Kc2 Kc7 43. Kc3 Be7 44. Kc2 Kd6 45. Bf7 Bf6 46. Kb1 Bc8 47.
Bd5 Bd7 48. Bf7 Be6 49. Bxe6 Kxe6 50. Kc2 Bd8 51. Kd3 Kd6 1/2-1/2

[Event "Condigne Dutch Open 2016"]
[Site "dieren"]
[Date "2016.08.03"]
[Round "8"]
[White "Pruijssers, Roeland"]
[Black "Khenkin, Igor"]
[Result "0-1"]
[WhiteElo "2463"]
[BlackElo "2553"]
[PlyCount "75"]
[EventDate "2016.07.27"]
[EventCountry "NED"]
[TimeControl "6000+1540"]
[WhiteClock "0:00:49"]
[BlackClock "0:01:36"]

1. e4 c6 2. d4 d5 3. Nc3 dxe4 4. Nxe4 Bf5 5. Ng3 Bg6 6. h4 h6 7. Nf3 Nd7 8. h5
Bh7 9. Bd3 Bxd3 10. Qxd3 e6 11. Bd2 Ngf6 12. O-O-O Be7 13. Kb1 Qb6 14. Rhe1 O-O
15. Nf5 exf5 16. Rxe7 Qd8 17. Re2 Ne4 18. g3 Re8 19. Nh4 Ndf6 20. Bc1 Qa5 21.
c4 Rad8 22. Ka1 b5 23. c5 Re6 24. Qc2 Rd5 25. Ng2 Rd7 26. Nf4 Ree7 27. f3 Nxg3
28. Rg2 Nfxh5 29. d5 Re1 30. d6 Rxd1 31. Qxd1 Qb4 32. Nxh5 Nxh5 33. Qc2 Qc4 34.
Qxc4 bxc4 35. Bxh6 f6 36. Rh2 g6 37. Rh4 Kf7 38. Bc1 0-1

[Event "Condigne Dutch Open 2016"]
[Site "dieren"]
[Date "2016.08.03"]
[Round "8"]
[White "Sagar, Shah"]
[Black "Ikonnikov, Vyacheslav"]
[Result "0-1"]
[WhiteElo "2433"]
[BlackElo "2538"]
[PlyCount "110"]
[EventDate "2016.07.27"]
[EventCountry "NED"]
[TimeControl "6000+820"]
[WhiteClock "0:06:14"]
[BlackClock "0:19:22"]

1. d4 g6 2. Nf3 Bg7 3. c4 d6 4. g3 Nf6 5. Bg2 a6 6. Nc3 c6 7. e4 O-O 8. O-O Bg4
9. c5 dxc5 10. dxc5 Qxd1 11. Rxd1 Nfd7 12. h3 Bxf3 13. Bxf3 Nxc5 14. Be3 Nbd7
15. Rac1 Rfd8 16. b4 Ne5 17. Bxc5 Nxf3+ 18. Kg2 Bxc3 19. Kxf3 Rxd1 20. Rxd1 a5
21. a3 axb4 22. axb4 e6 23. Rd7 b5 24. Rc7 Ra6 25. Ke3 g5 26. f4 gxf4+ 27. Kxf4
Kg7 28. g4 h6 29. h4 e5+ 30. Kf3 Ra3 31. Kf2 Rb3 32. Rxc6 Bxb4 33. Bxb4 Rxb4
34. Kf3 Rb3+ 35. Kf2 b4 36. Rc5 f6 37. h5 Rb1 38. Rc7+ Kf8 39. Rb7 b3 40. Ke2
Ke8 41. Kd2 b2 42. Kc2 Re1 43. Kxb2 Rxe4 44. Rg7 Kf8 45. Rg6 Kf7 46. Kc2 Rd4
47. Kc3 Rd8 48. Rxh6 Rg8 49. Rh7+ Ke6 50. Kc4 Rxg4+ 51. Kc5 Rg1 52. Kc4 Rc1+
53. Kd3 Kf5 54. Rh8 Rh1 55. Ke3 Rh4 0-1

[Event "Condigne Dutch Open 2016"]
[Site "dieren"]
[Date "2016.08.03"]
[Round "8"]
[White "Reinderman, Dimitri"]
[Black "Maatman, Nick"]
[Result "1-0"]
[WhiteElo "2584"]
[BlackElo "2314"]
[PlyCount "57"]
[EventDate "2016.07.27"]
[EventCountry "NED"]
[TimeControl "6000+1495"]
[WhiteClock "0:10:29"]
[BlackClock "0:01:47"]

1. e4 e6 2. f4 d5 3. e5 c5 4. Nf3 Nc6 5. c3 Nh6 6. Na3 Nf5 7. Nc2 Be7 8. Bd3
Qb6 9. Ne3 Nxe3 10. dxe3 Bd7 11. O-O f6 12. exf6 gxf6 13. Kh1 O-O-O 14. b4 cxb4
15. cxb4 Bxb4 16. Rb1 Qc7 17. Qa4 Bc5 18. Bb5 Rhg8 19. Rf2 Kb8 20. Rc2 Bb6 21.
Ba3 Rc8 22. Be7 Bxe3 23. Qa3 Bxf4 24. g3 Ka8 25. gxf4 Qxf4 26. Bc5 Qc7 27. Bxc6
bxc6 28. Bd6 Qd8 29. Rcb2 1-0

[Event "Condigne Dutch Open 2016"]
[Site "dieren"]
[Date "2016.08.03"]
[Round "8"]
[White "Debashis, Das"]
[Black "Zwirs, Nico"]
[Result "1/2-1/2"]
[WhiteElo "2451"]
[BlackElo "2374"]
[PlyCount "47"]
[EventDate "2016.07.27"]
[EventCountry "NED"]
[TimeControl "6000+1040"]
[WhiteClock "0:46:04"]
[BlackClock "0:22:18"]

1. d4 Nf6 2. c4 g6 3. Nc3 Bg7 4. e4 d6 5. Be2 O-O 6. Be3 e5 7. d5 a5 8. Nf3 Na6
9. Nd2 Nd7 10. O-O f5 11. f3 Nf6 12. a3 Bd7 13. Rb1 Nc5 14. b4 axb4 15. axb4
Na4 16. Rb3 Nh5 17. Re1 Bf6 18. Bf2 Bh4 19. g3 Bg5 20. exf5 Nxc3 21. Rxc3 Ra2
22. Ne4 gxf5 23. Nxg5 Qxg5 24. Qb1 1/2-1/2

[Event "Condigne Dutch Open 2016"]
[Site "dieren"]
[Date "2016.08.03"]
[Round "8"]
[White "Gerlagh, Joris"]
[Black "De Jong, Migchiel"]
[Result "1/2-1/2"]
[WhiteElo "2172"]
[BlackElo "2342"]
[PlyCount "67"]
[EventDate "2016.07.27"]
[EventCountry "NED"]
[TimeControl "6000+1885"]
[WhiteClock "0:03:54"]
[BlackClock "1:00:14"]

1. d4 e6 2. Nf3 c5 3. e4 cxd4 4. Nxd4 a6 5. Bd3 Nf6 6. O-O e5 7. Bg5 h6 8. Bxf6
Qxf6 9. Nf5 g6 10. Ne3 Bc5 11. Nc3 Nc6 12. Ncd5 Qd8 13. c3 d6 14. b4 Ba7 15. a4
Be6 16. b5 Ne7 17. bxa6 Bxd5 18. Nxd5 bxa6 19. Bxa6 O-O 20. Bb7 Rb8 21. Rb1
Nxd5 22. Qxd5 Bc5 23. Rb5 Kh7 24. a5 Ba7 25. a6 f5 26. Qd3 fxe4 27. Bxe4 Rxb5
28. Qxb5 Qf6 29. Kh1 Rf7 30. Bd5 Rc7 31. c4 Re7 32. Qb3 e4 33. Qd1 Bxf2 34. a7
1/2-1/2